International Marketing Research (Record no. 2091)

MARC details
000 -LEADER
fixed length control field 00395nam a22001697a 4500
005 - DATE AND TIME OF LATEST TRANSACTION
control field 20160530095209.0
008 - FIXED-LENGTH DATA ELEMENTS--GENERAL INFORMATION
fixed length control field 160530b xxu||||| |||| 00| 0 eng d
020 ## - INTERNATIONAL STANDARD BOOK NUMBER
ISBN 81-203-2167-2
041 ## - LANGUAGE CODE
Language code of text/sound track or separate title eng
082 ## - DEWEY DECIMAL CLASSIFICATION NUMBER
Item number 5901
100 ## - MAIN ENTRY--AUTHOR NAME
Personal name Kumar V.
245 ## - TITLE STATEMENT
Title International Marketing Research
260 ## - PUBLICATION, DISTRIBUTION, ETC. (IMPRINT)
Place of publication New Delhi
Name of publisher PHI,
Year of publication 2003
300 ## - PHYSICAL DESCRIPTION
Number of Pages 419
650 ## - SUBJECT ADDED ENTRY--TOPICAL TERM
Topical Term Management
942 ## - ADDED ENTRY ELEMENTS (KOHA)
Koha item type Books
Holdings
Lost status Damaged status Collection code Home library Current library Shelving location Date acquired Cost, normal purchase price Full call number Accession Number Koha item type
    MANAGEMENT JRU Library JRU Library SHELF- 66 D 30/05/2016 195.00 5901 5901 Books
    MANAGEMENT JRU Library JRU Library SHELF- 66 D 30/05/2016 195.00 5901 5902 Books
    MANAGEMENT JRU Library JRU Library SHELF- 66 D 30/05/2016 195.00 5901 5903 Books
    MANAGEMENT JRU Library JRU Library SHELF-37-H 30/05/2016 195.00 5901 5904 Books
    MANAGEMENT JRU Library JRU Library SHELF- 66 D 30/05/2016 195.00 5901 5905 Books
    MANAGEMENT JRU Library JRU Library SHELF- 66 D 30/05/2016 195.00 5901 5906 Books
    MANAGEMENT JRU Library JRU Library SHELF- 66 D 30/05/2016 195.00 5901 5907 Books
    MANAGEMENT JRU Library JRU Library SHELF- 66 D 30/05/2016 195.00 5901 5908 Books
    MANAGEMENT JRU Library JRU Library SHELF- 66 D 30/05/2016 195.00 5901 5909 Books
    MANAGEMENT JRU Library JRU Library SHELF- 66 D 30/05/2016 195.00 5901 5910 Books
    MANAGEMENT JRU Library JRU Library SHELF- 66 D 30/05/2016 195.00 5901 5911 Books